000 00676nam a2200241Ia 4500
003 OSt
005 20220918165611.0
006 a|||||r|||| 00| 0
007 ta
008 220917b |||||||| |||| 00| 0 eng d
020 _a8170002753 (hbk)
024 _a88,597
037 _cTextual
040 _aARTS
_cARTS
_beng
041 _2eng
_aeng
082 _a2:(D65,8(B):71), P0(2D)
245 0 _aWorld wide web
_b Handbook for librarians edited by Shanker Singh
260 _aNew Delhi
_bEss Ess Publications
_c2000
300 _a369p.
_ccm.
650 _aLIBRARY SCIENCE
942 _h2:(D65,8(B):71), P0(2D)
_cTEXL
_2CC
999 _c130505
_d130505